[Event "68th ch-RUS w 2018"]
[Site "Satka RUS"]
[Date "2018.09.01"]
[Round "7.4"]
[White "Pogonina, Natalija"]
[Black "Bodnaruk, Anastasia"]
[Result "1/2-1/2"]
[WhiteTitle "WGM"]
[BlackTitle "IM"]
[WhiteElo "2469"]
[BlackElo "2449"]
[WhiteFideId "4147855"]
[BlackFideId "4181751"]
[EventDate "2018.08.25"]

1. d4 Nf6 2. Nf3 g6 3. b3 Bg7 4. Bb2 O-O 5. e3 c5 6. dxc5 Qc7 7. Nbd2 Qxc5 8. c4
d6 9. Be2 Qc7 10. O-O Nc6 11. Rc1 Rd8 12. a3 e5 13. b4 Qe7 14. Qc2 b6 15. Rfd1
Bb7 16. e4 Rac8 17. Qb1 Nh5 18. g3 Bh6 19. Re1 Ng7 20. Bd3 Rf8 21. Rcd1 Rcd8 22.
Nh4 f5 23. exf5 gxf5 24. Bxf5 Nxf5 25. Nxf5 Qf6 26. Nxh6+ Qxh6 27. Ne4 Ne7 28.
Qc1 Qg6 29. Qe3 h6 30. Nxd6 Rxd6 31. Qxe5 Nf5 32. c5 bxc5 33. bxc5 Rxd1 34. Rxd1
Qc6 35. f3 Kh7 36. Rd6 Qb5 37. Rd8 Rxd8 38. Qxf5+ Kg8 39. Qg6+ Kf8 40. Qf6+ Ke8
41. Qe6+ Kf8 42. Qf6+ 1/2-1/2

[Event "68th ch-RUS w 2018"]
[Site "Satka RUS"]
[Date "2018.09.01"]
[Round "7.5"]
[White "Goryachkina, Aleksandra"]
[Black "Girya, Olga"]
[Result "1/2-1/2"]
[WhiteTitle "WGM"]
[BlackTitle "WGM"]
[WhiteElo "2535"]
[BlackElo "2462"]
[WhiteFideId "4147103"]
[BlackFideId "4195752"]
[EventDate "2018.08.25"]

1. e4 c6 2. d4 d5 3. exd5 cxd5 4. Bd3 Nc6 5. c3 Nf6 6. h3 g6 7. Nf3 Bf5 8. Be2
Qc7 9. O-O Bg7 10. Be3 O-O 11. Nbd2 a6 12. Re1 b5 13. Nb3 Ne4 14. Nfd2 Rfd8 15.
Bf1 Na5 16. Nxa5 Qxa5 17. Nb3 Qb6 18. f3 Nd6 19. Bf2 Nc4 20. Qc1 Ra7 21. a3 a5
22. Nc5 a4 23. g4 Bc8 24. Bg2 Qd6 25. Nd3 Rc7 26. Re2 f6 27. Qe1 e5 28. Rd1 Bb7
29. h4 Re8 30. Bg3 Rce7 31. Qf2 Qd8 32. Nc5 Bc6 33. Rde1 Qc8 34. Kh2 Bf8 35. Bh3
exd4 36. cxd4 Rxe2 37. Rxe2 Rxe2 38. Qxe2 Qe8 39. Qf2 Qe3 40. Qxe3 Nxe3 41. Be1
Kf7 42. Nd3 Bd6+ 43. Kg1 Nc4 44. Kf2 Bd7 45. Bf1 h5 46. Be2 Bf8 47. Bc3 Bh6 48.
Nc5 Bc8 49. gxh5 gxh5 50. Bxc4 dxc4 51. Ne4 Bf4 52. Bd2 Bc7 53. Nc3 Bd7 54. Nd5
Bd6 55. Bb4 Bc6 56. Bxd6 1/2-1/2

[Event "68th ch-RUS w 2018"]
[Site "Satka RUS"]
[Date "2018.09.01"]
[Round "7.6"]
[White "Protopopova, Anastasiya"]
[Black "Kosteniuk, Alexandra"]
[Result "0-1"]
[WhiteTitle "WFM"]
[BlackTitle "GM"]
[WhiteElo "2332"]
[BlackElo "2559"]
[WhiteFideId "24172073"]
[BlackFideId "4128125"]
[EventDate "2018.08.25"]

1. c4 c5 2. Nf3 g6 3. d4 cxd4 4. Nxd4 Nc6 5. e4 Nf6 6. Nc3 d6 7. Be2 Nxd4 8.
Qxd4 Bg7 9. O-O O-O 10. Bg5 h6 11. Bd2 Ng4 12. Qd3 Ne5 13. Qc2 f5 14. f4 Nc6 15.
Be3 Nd4 16. Qd2 Nxe2+ 17. Nxe2 fxe4 18. Bd4 e5 19. Be3 Be6 20. Rac1 Kh7 21. Ng3
exf4 22. Bxf4 d5 23. c5 Qd7 24. Bd6 Rxf1+ 25. Rxf1 Qa4 26. Ne2 Qxa2 27. Nf4 d4
28. Qe2 Bf5 29. g4 d3 30. Qg2 Bd4+ 31. Kh1 Bd7 32. Nxg6 Qe6 33. Nf4 Qe8 34. g5
Bc6 35. Qh3 e3+ 36. Ng2 Qg6 0-1

[Event "68th ch-RUS w 2018"]
[Site "Satka RUS"]
[Date "2018.09.02"]
[Round "8.1"]
[White "Shuvalova, Polina"]
[Black "Kosteniuk, Alexandra"]
[Result "1-0"]
[WhiteTitle "WIM"]
[BlackTitle "GM"]
[WhiteElo "2413"]
[BlackElo "2559"]
[WhiteFideId "24171760"]
[BlackFideId "4128125"]
[EventDate "2018.08.25"]

1. e4 e5 2. Nf3 Nc6 3. Bb5 a6 4. Ba4 Nf6 5. O-O Be7 6. Re1 b5 7. Bb3 d6 8. c3
O-O 9. h3 h6 10. d4 Re8 11. Nbd2 Bf8 12. Nf1 Bb7 13. Ng3 Na5 14. Bc2 Nc4 15. b3
Nb6 16. Bd2 g6 17. Bd3 Bg7 18. Rb1 Nfd7 19. Qc1 Kh7 20. Qc2 exd4 21. cxd4 c5 22.
d5 c4 23. bxc4 Nxc4 24. Bxc4 Rc8 25. Rb4 Nb6 26. Bc3 Nxc4 27. Bxg7 Kxg7 28. a4
Qf6 29. Qd3 Rc5 30. Reb1 Rec8 31. Nd4 Ne5 32. Qd2 Nc4 33. Ndf5+ gxf5 34. Rxc4
Kh7 35. Rcb4 f4 36. Nh5 Qg5 37. Qe2 Rg8 38. Qg4 Qe5 39. Qh4 Rg5 40. Nxf4 Rc2 41.
axb5 a5 42. Ra4 Qc3 43. Rba1 Qf3 44. b6 Qb3 45. Rxa5 Qxb6 46. R5a3 Qd4 47. Re1
Rc4 48. Rd3 Qe5 49. Rde3 Bxd5 50. Nxd5 Qxd5 51. f4 Rh5 52. Qg4 Qc5 53. Kh2 Rc3
54. Rxc3 Qxc3 55. Qxh5 Qxe1 56. Qxf7+ Kh8 57. Qf8+ Kh7 58. Qe7+ Kg8 59. Qxd6 1-0

[Event "68th ch-RUS w 2018"]
[Site "Satka RUS"]
[Date "2018.09.02"]
[Round "8.2"]
[White "Girya, Olga"]
[Black "Protopopova, Anastasiya"]
[Result "1-0"]
[WhiteTitle "WGM"]
[BlackTitle "WFM"]
[WhiteElo "2462"]
[BlackElo "2332"]
[WhiteFideId "4195752"]
[BlackFideId "24172073"]
[EventDate "2018.08.25"]

1. d4 d5 2. c4 c6 3. Nc3 dxc4 4. e3 b5 5. a4 b4 6. Ne4 Qd5 7. Nd2 c3 8. bxc3
bxc3 9. Nb1 e5 10. Nxc3 Bb4 11. Bd2 Qa5 12. Ne4 Bxd2+ 13. Qxd2 Qxd2+ 14. Kxd2
Nd7 15. Nf3 Ngf6 16. Nxf6+ gxf6 17. Bd3 c5 18. dxe5 fxe5 19. Rab1 a6 20. Rhc1
Ke7 21. a5 f6 22. Ke2 Ra7 23. Be4 Rc7 24. Nh4 Nf8 25. Rb6 Rg8 26. g3 Rg5 27. f4
exf4 28. exf4 Rh5 29. Bf3 Rh6 30. Kf2 Ng6 31. Re1+ Kf7 32. Bd5+ Kg7 33. Re8 Ne7
34. Bc4 f5 35. Bxa6 Be6 36. Bc4 Kf7 37. Rd8 Rc6 38. Rd6 Rxb6 39. axb6 Bxc4 40.
Rxh6 Kg7 41. b7 1-0

[Event "68th ch-RUS w 2018"]
[Site "Satka RUS"]
[Date "2018.09.02"]
[Round "8.3"]
[White "Bodnaruk, Anastasia"]
[Black "Goryachkina, Aleksandra"]
[Result "0-1"]
[WhiteTitle "IM"]
[BlackTitle "WGM"]
[WhiteElo "2449"]
[BlackElo "2535"]
[WhiteFideId "4181751"]
[BlackFideId "4147103"]
[EventDate "2018.08.25"]

1. e4 c6 2. d4 d5 3. e5 Bf5 4. Nd2 e6 5. Nb3 Nd7 6. Nf3 Qc7 7. Nh4 Bg6 8. Be2 c5
9. c3 Ne7 10. O-O Nc6 11. Be3 Be7 12. Nxg6 hxg6 13. f4 c4 14. Nd2 Rb8 15. b3 b5
16. a4 a6 17. axb5 axb5 18. Rb1 f5 19. exf6 gxf6 20. bxc4 bxc4 21. Rxb8+ Qxb8
22. Nf3 Bd6 23. g3 Ne7 24. Qc2 Nf5 25. Bf2 Kf7 26. g4 Nh6 27. Nh4 f5 28. g5 Ng8
29. Bg3 Ne7 30. Nf3 Qa7 31. Bd1 Nc6 32. Re1 Qa3 33. Qe2 Re8 34. Qe3 Bc7 35. Re2
Qa1 36. Qd2 Ba5 37. Re3 Rb8 38. Be1 Bc7 39. Ne5+ Ndxe5 40. fxe5 Rb2 41. Bc2 Nxe5
42. dxe5 Bb6 43. Kf1 Rxc2 44. Qxc2 Bxe3 45. h4 Bf4 46. Qf2 Bxe5 47. Qe3 Bg7 48.
h5 gxh5 49. g6+ Kf6 50. Kg2 Qb2+ 51. Kh3 f4 52. Qxf4+ Kxg6 53. Bd2 Qc2 54. Qg5+
Kf7 55. Qxh5+ Kf8 56. Qf3+ Qf5+ 57. Kg2 Qxf3+ 58. Kxf3 Kf7 59. Be1 Kg6 60. Kg4
Be5 61. Kf3 Kf5 62. Ke3 Bc7 63. Kd2 Ba5 64. Bf2 Ke4 65. Kc2 e5 66. Bg3 d4 0-1

[Event "68th ch-RUS w 2018"]
[Site "Satka RUS"]
[Date "2018.09.02"]
[Round "8.4"]
[White "Gritsayeva, Oksana"]
[Black "Pogonina, Natalija"]
[Result "0-1"]
[WhiteTitle "WFM"]
[BlackTitle "WGM"]
[WhiteElo "2391"]
[BlackElo "2469"]
[WhiteFideId "14104652"]
[BlackFideId "4147855"]
[EventDate "2018.08.25"]

1. d4 d5 2. c4 e6 3. Nc3 Nf6 4. Nf3 Nbd7 5. Bf4 dxc4 6. e3 Nb6 7. Bxc4 Bd6 8.
Bxd6 cxd6 9. Be2 Nbd5 10. Qa4+ Bd7 11. Qa3 Nxc3 12. bxc3 Qc7 13. Nd2 O-O 14. O-O
Bc6 15. Rac1 e5 16. Rfd1 Rfd8 17. c4 exd4 18. exd4 Re8 19. Bf3 Bxf3 20. Qxf3 Re7
21. Nf1 Qa5 22. Ne3 Rae8 23. h3 b6 24. Nf5 Rd7 25. Kh2 Rdd8 26. Rc3 g6 27. Ng3
Qg5 28. Ra3 Re7 29. Rb3 Rc7 30. Rb5 d5 31. c5 bxc5 32. Rxc5 Rxc5 33. dxc5 Rc8
34. Qc3 Qf4 35. Kg1 Ne4 36. Qd4 Nxg3 37. fxg3 Qxd4+ 38. Rxd4 Rxc5 39. Ra4 a5 40.
Kf2 Kg7 41. Ke3 Kf6 42. Kd4 Rb5 43. Ra3 Ke6 44. Re3+ Kd6 45. Kc3 Rb1 46. g4 Rf1
47. Re2 Kc5 48. Rb2 a4 49. Rb7 Rf2 50. a3 d4+ 51. Kd3 Rxg2 52. Rxf7 Rg3+ 53. Ke4
Re3+ 54. Kf4 Rxh3 55. Ra7 d3 56. Rd7 Kc4 57. Ke4 Kb3 58. g5 Kxa3 59. Rb7 Ka2 60.
Rd7 Kb2 61. Rb7+ Kc2 62. Rc7+ Kd1 63. Rc3 Ke2 64. Ra3 Rh4+ 0-1

[Event "68th ch-RUS w 2018"]
[Site "Satka RUS"]
[Date "2018.09.02"]
[Round "8.5"]
[White "Galliamova, Alisa"]
[Black "Tomilova, Elena"]
[Result "1-0"]
[WhiteTitle "IM"]
[BlackTitle "WIM"]
[WhiteElo "2424"]
[BlackElo "2332"]
[WhiteFideId "4129725"]
[BlackFideId "4162340"]
[EventDate "2018.08.25"]

1. d4 d5 2. c4 dxc4 3. Nf3 Nf6 4. e3 b5 5. a4 b4 6. Bxc4 e6 7. a5 Be7 8. a6 O-O
9. O-O c5 10. Nbd2 Nbd7 11. Qe2 cxd4 12. exd4 Nb6 13. Bd3 Bd7 14. Ne5 Rc8 15.
Ndf3 Bc6 16. Nxc6 Rxc6 17. Bf4 Nfd5 18. Bg3 Bd6 19. Rac1 Qc7 20. Rxc6 Qxc6 21.
Ng5 Nf6 22. Be5 Nbd5 23. Qf3 Qd7 24. Qg3 Rd8 25. Rc1 g6 26. h3 Nh5 27. Qf3 Bxe5
28. dxe5 Ndf4 29. Bf1 Qd2 30. Rc7 Qxb2 31. Nxf7 Rf8 32. Rxa7 Qc1 33. Nh6+ Kh8
34. Nf7+ Kg8 35. Nh6+ Kh8 36. Rf7 Rc8 37. a7 Qxf1+ 38. Kh2 Ne2 39. Rf8+ Kg7 40.
Qxe2 Qxe2 41. Rxc8 Qxe5+ 42. g3 Kxh6 43. a8=Q b3 44. Rc1 Qf5 45. Rf1 b2 46. Qb8
Qc2 47. Qf8+ Kg5 48. h4+ Kg4 49. Kg2 Qe2 50. Re1 Nxg3 51. Rxe2 Nxe2 52. f3+ Kh5
53. Qf6 h6 54. Qxb2 Nf4+ 55. Kg3 1-0

[Event "68th ch-RUS w 2018"]
[Site "Satka RUS"]
[Date "2018.09.02"]
[Round "8.6"]
[White "Gunina, Valentina"]
[Black "Kashlinskaya, Alina"]
[Result "0-1"]
[WhiteTitle "GM"]
[BlackTitle "IM"]
[WhiteElo "2528"]
[BlackElo "2440"]
[WhiteFideId "4167570"]
[BlackFideId "4198026"]
[EventDate "2018.08.25"]

1. e4 e5 2. Nf3 Nf6 3. Nxe5 d6 4. Nf3 Nxe4 5. Nc3 Nxc3 6. dxc3 Be7 7. Be3 Nc6 8.
Bc4 O-O 9. Qd2 Ne5 10. Nxe5 dxe5 11. O-O-O Qxd2+ 12. Rxd2 Bf5 13. Rhd1 a6 14. f3
h5 15. g4 hxg4 16. fxg4 Bxg4 17. Rg1 Be6 18. Bd5 Bxd5 19. Rxd5 f6 20. Rd7 Rf7
21. Rxc7 f5 22. Kd1 f4 23. Bf2 Rd8+ 24. Ke2 e4 25. Bd4 f3+ 26. Ke3 f2 0-1

[Event "68th ch-RUS w 2018"]
[Site "Satka RUS"]
[Date "2018.09.03"]
[Round "9.1"]
[White "Kashlinskaya, Alina"]
[Black "Shuvalova, Polina"]
[Result "0-1"]
[WhiteTitle "IM"]
[BlackTitle "WIM"]
[WhiteElo "2440"]
[BlackElo "2413"]
[WhiteFideId "4198026"]
[BlackFideId "24171760"]
[EventDate "2018.08.25"]

1. e4 c5 2. Nf3 Nc6 3. Bb5 g6 4. Bxc6 dxc6 5. d3 Bg7 6. h3 Nf6 7. O-O O-O 8. Nc3
Re8 9. Bf4 b6 10. Qd2 Nh5 11. Bh2 e5 12. Qe3 Qd6 13. Ne2 f5 14. exf5 gxf5 15. d4
cxd4 16. Nfxd4 Qg6 17. Qb3+ Kh8 18. Nf3 Be6 19. c4 f4 20. Kh1 b5 21. Rac1 Rad8
22. Qa3 Bxc4 23. Rfe1 Rg8 24. g4 fxg3 25. Nxg3 Rd3 26. Rc3 b4 27. Qxb4 Bd5 28.
Ne4 Bf6 29. Bg3 Nxg3+ 30. fxg3 Rd4 31. Nxd4 exd4 32. Ra3 Bxe4+ 33. Kg1 Qf5 34.
Qd2 d3 35. Kh2 Qf3 0-1

[Event "68th ch-RUS w 2018"]
[Site "Satka RUS"]
[Date "2018.09.03"]
[Round "9.2"]
[White "Tomilova, Elena"]
[Black "Gunina, Valentina"]
[Result "0-1"]
[WhiteTitle "WIM"]
[BlackTitle "GM"]
[WhiteElo "2332"]
[BlackElo "2528"]
[WhiteFideId "4162340"]
[BlackFideId "4167570"]
[EventDate "2018.08.25"]

1. d4 Nf6 2. Nf3 c5 3. d5 e6 4. Nc3 b5 5. Bg5 Bb7 6. e4 b4 7. Na4 Qa5 8. Bxf6
gxf6 9. b3 f5 10. Bc4 Bg7 11. O-O Na6 12. dxe6 fxe6 13. Ng5 O-O-O 14. Nf7 Bxa1
15. Qxa1 Rhg8 16. Qe5 Qc7 17. Nd6+ Kb8 18. Re1 Ka8 19. Bxa6 Bxa6 20. Nxc5 Bc8
21. exf5 Qc6 22. g3 exf5 23. Rd1 Rdf8 24. f4 h5 25. Rd4 h4 26. Kf2 hxg3+ 27.
hxg3 Rxg3 28. Qd5 Rc3 29. Nd3 Rxc2+ 30. Ke3 Rh8 31. Qxc6+ dxc6 32. Rc4 Rh3+ 33.
Kd4 Rd2 34. Nxc8 Rhxd3+ 35. Ke5 Kb7 36. Ne7 Re2+ 37. Kf6 Rd6+ 38. Kf7 Rd7 0-1

[Event "68th ch-RUS w 2018"]
[Site "Satka RUS"]
[Date "2018.09.03"]
[Round "9.3"]
[White "Pogonina, Natalija"]
[Black "Galliamova, Alisa"]
[Result "1-0"]
[WhiteTitle "WGM"]
[BlackTitle "IM"]
[WhiteElo "2469"]
[BlackElo "2424"]
[WhiteFideId "4147855"]
[BlackFideId "4129725"]
[EventDate "2018.08.25"]

1. d4 Nf6 2. c4 b6 3. Nc3 Bb7 4. Bg5 e6 5. Nf3 h6 6. Bh4 Be7 7. e3 O-O 8. Be2 d5
9. Bxf6 Bxf6 10. cxd5 exd5 11. Qb3 Re8 12. O-O a6 13. Rfd1 Qd6 14. Ne1 Bd8 15.
Bf3 c6 16. e4 dxe4 17. Nxe4 Qg6 18. Ng3 Nd7 19. Nd3 Rb8 20. Re1 Bc7 21. Rac1 a5
22. Bh5 Qf6 23. Ne4 Bxh2+ 24. Kxh2 Qh4+ 25. Kg1 Qxh5 26. Nd6 Rxe1+ 27. Rxe1 Qd5
28. Qxd5 cxd5 29. Re7 Ba6 30. Nf4 Nf6 31. Rxf7 Ne4 32. Rd7 Nf6 33. Ra7 Bc8 34.
Rc7 Ba6 35. Ne6 Ne8 36. Nxe8 Rxe8 37. Rxg7+ Kh8 38. Rg6 Kh7 39. Rf6 a4 40. Kh2
Bc4 41. a3 b5 42. f4 Rg8 43. g3 h5 44. Kg2 Bd3 45. Kf2 Bb1 46. Rf8 Rg4 47. Rd8
h4 48. gxh4 Rxh4 49. Kg3 Rh1 50. Rxd5 Bd3 51. f5 Rb1 52. Rd7+ Kh6 53. f6 Bg6 54.
f7 Bxf7 55. Rxf7 Rxb2 56. Rb7 Kg6 57. Kf4 Rb3 58. Nc5 Rxa3 59. Rxb5 Ra2 60. Ra5
a3 61. Ke5 Re2+ 62. Kd6 a2 63. d5 Kf5 64. Nd3 Ke4 65. Nb4 Rb2 66. Nxa2 Rb8 67.
Nc3+ Kd4 68. Nb5+ Kc4 69. Nc7 1-0

[Event "68th ch-RUS w 2018"]
[Site "Satka RUS"]
[Date "2018.09.03"]
[Round "9.4"]
[White "Goryachkina, Aleksandra"]
[Black "Gritsayeva, Oksana"]
[Result "1-0"]
[WhiteTitle "WGM"]
[BlackTitle "WFM"]
[WhiteElo "2535"]
[BlackElo "2391"]
[WhiteFideId "4147103"]
[BlackFideId "14104652"]
[EventDate "2018.08.25"]

1. d4 Nf6 2. c4 c5 3. d5 e6 4. Nc3 exd5 5. cxd5 d6 6. Nf3 g6 7. Bf4 Bg7 8. e3
O-O 9. Be2 a6 10. a4 Re8 11. Nd2 Nbd7 12. Bxd6 Nb6 13. Bxc5 Nfxd5 14. Bxb6 Nxb6
15. O-O Bf5 16. Nf3 Qxd1 17. Rfxd1 Rac8 18. Nd4 Nc4 19. Bxc4 Rxc4 20. h3 Rb4 21.
Rd2 Be6 22. Nxe6 fxe6 23. Ra3 Rc8 24. Kf1 Kf8 25. Ke2 Ke7 26. Kd1 Rcc4 27. a5
Rc5 28. Rc2 Be5 29. Kc1 g5 30. Nd1 Rcb5 31. Ra2 Kd7 32. Nc3 Rc5 33. Na4 Rc6 34.
Nc5+ Kd6 35. Nd3 Rbc4 36. Rxc4 Rxc4+ 37. Kd2 Bf6 38. Ra3 Bd8 39. b3 Rc8 40. Ra4
Bf6 41. f3 Bc3+ 42. Kd1 Kd5 43. h4 h6 44. hxg5 hxg5 45. Rg4 Bf6 46. Rb4 Rc3 47.
Kd2 Rc7 48. e4+ Kd6 49. Rb6+ Kd7 50. e5 Bd8 51. b4 Be7 52. Ke3 g4 53. fxg4 Rc4
54. Rxb7+ Ke8 55. b5 axb5 56. a6 Bg5+ 57. Ke2 Rc2+ 58. Kf1 Be3 59. a7 1-0

[Event "68th ch-RUS w 2018"]
[Site "Satka RUS"]
[Date "2018.09.03"]
[Round "9.5"]
[White "Protopopova, Anastasiya"]
[Black "Bodnaruk, Anastasia"]
[Result "1-0"]
[WhiteTitle "WFM"]
[BlackTitle "IM"]
[WhiteElo "2332"]
[BlackElo "2449"]
[WhiteFideId "24172073"]
[BlackFideId "4181751"]
[EventDate "2018.08.25"]

1. d4 Nf6 2. c4 g6 3. Nc3 Bg7 4. e4 d6 5. Be2 O-O 6. Bg5 c5 7. d5 h6 8. Be3 e6
9. Qd2 exd5 10. exd5 Kh7 11. h4 Ng4 12. Bf4 Re8 13. Nh3 a6 14. O-O-O b5 15. Rde1
Ra7 16. h5 b4 17. hxg6+ fxg6 18. Ne4 Rxe4 19. Ng5+ Qxg5 20. Bxg5 Rd4 21. Qc2 Bf5
22. Qb3 Nxf2 23. Rh4 Ne4 24. Qe3 h5 25. Reh1 Rf7 26. g4 Nxg5 27. gxf5 Rxf5 28.
Rxd4 cxd4 29. Qe8 Rf8 30. Qe7 Kh6 31. Qxd6 Bf6 32. Qxf8+ 1-0

[Event "68th ch-RUS w 2018"]
[Site "Satka RUS"]
[Date "2018.09.03"]
[Round "9.6"]
[White "Kosteniuk, Alexandra"]
[Black "Girya, Olga"]
[Result "1/2-1/2"]
[WhiteTitle "GM"]
[BlackTitle "WGM"]
[WhiteElo "2559"]
[BlackElo "2462"]
[WhiteFideId "4128125"]
[BlackFideId "4195752"]
[EventDate "2018.08.25"]

1. e4 c6 2. d4 d5 3. e5 Bf5 4. Nf3 e6 5. Be2 Ne7 6. c3 h6 7. O-O Nd7 8. Nbd2 a5
9. a4 Bg6 10. b4 Nc8 11. bxa5 Rxa5 12. c4 b6 13. Nb3 Ra8 14. cxd5 cxd5 15. Ne1
Be7 16. Bd3 Bxd3 17. Nxd3 O-O 18. Qg4 Kh7 19. Bd2 Na7 20. f4 f5 21. exf6 Rxf6
22. f5 exf5 23. Rxf5 Nf8 24. Rxf6 Bxf6 25. Nb4 Nc8 26. Qf5+ Kh8 27. Qxd5 Ne7 28.
Qe4 Rc8 29. Rf1 Qd7 30. Bxh6 Qe6 31. Qxe6 Nxe6 32. d5 Nc5 33. Nxc5 bxc5 34. d6
cxb4 35. dxe7 Bxe7 36. Be3 Ra8 37. Bd4 Kg8 38. Re1 Bg5 39. a5 Rxa5 40. Re8+ Kf7
41. Rb8 Be7 42. Rb7 g5 43. Kf2 Ke6 44. Kf3 Ra2 45. h3 Ra3+ 46. Ke4 Rg3 47. Rb6+
Kf7 48. Rb7 Ke6 49. Rb6+ Kd7 50. Rb7+ Ke6 1/2-1/2

[Event "68th ch-RUS w 2018"]
[Site "Satka RUS"]
[Date "2018.09.04"]
[Round "10.1"]
[White "Shuvalova, Polina"]
[Black "Girya, Olga"]
[Result "0-1"]
[WhiteTitle "WIM"]
[BlackTitle "WGM"]
[WhiteElo "2413"]
[BlackElo "2462"]
[WhiteFideId "24171760"]
[BlackFideId "4195752"]
[EventDate "2018.08.25"]

1. e4 c6 2. d4 d5 3. e5 Bf5 4. Nd2 e6 5. Nb3 h6 6. Nf3 Ne7 7. Be2 Nd7 8. O-O Qc7
9. a4 g5 10. a5 a6 11. Bd2 O-O-O 12. c4 f6 13. exf6 Ng6 14. Rc1 Nxf6 15. cxd5
Nxd5 16. Nc5 g4 17. Ne5 Nxe5 18. dxe5 Nf4 19. Bxg4 Bxc5 20. Rxc5 Qe7 21. Rc4
Bxg4 22. Qxg4 Nxg2 23. Bb4 Qf7 24. Kh1 Ne3 25. Rf4 Nxg4 26. Rxf7 Nxe5 27. Rf6
Nd3 28. Bc3 e5 29. f3 Rhg8 30. h4 Rg3 31. Rg1 Rh3+ 32. Kg2 Rxh4 33. Kf1 Nf4 34.
Rf7 Rh3 35. Kf2 Rh2+ 36. Kg3 Rh3+ 37. Kf2 Rh2+ 38. Kg3 Re2 39. Kh4 Ng2+ 40. Kh5
Rd6 41. Rf8+ Kd7 42. Rf7+ Ke6 43. Rxb7 Nf4+ 44. Kxh6 Kf5+ 45. Kg7 Ne6+ 46. Kh8
Rd8+ 47. Rg8 Rh2+ 48. Rh7 Rxh7+ 49. Kxh7 Ng5+ 50. Kh8 Rxg8+ 51. Kxg8 Nxf3 52.
Kf7 e4 53. Ke7 e3 54. Kd6 Ke4 55. Kc5 Kd3 56. Kb6 e2 57. Kxa6 Nd2 58. Bxd2 Kxd2
59. Kb7 e1=Q 60. a6 c5 0-1

[Event "68th ch-RUS w 2018"]
[Site "Satka RUS"]
[Date "2018.09.04"]
[Round "10.2"]
[White "Bodnaruk, Anastasia"]
[Black "Kosteniuk, Alexandra"]
[Result "0-1"]
[WhiteTitle "IM"]
[BlackTitle "GM"]
[WhiteElo "2449"]
[BlackElo "2559"]
[WhiteFideId "4181751"]
[BlackFideId "4128125"]
[EventDate "2018.08.25"]

1. e4 e5 2. Nf3 Nc6 3. Bb5 a6 4. Ba4 Nf6 5. O-O Be7 6. Re1 b5 7. Bb3 O-O 8. c3
d5 9. d4 exd4 10. e5 Ne4 11. cxd4 Bf5 12. Nc3 Nxc3 13. bxc3 Na5 14. Bc2 Bxc2 15.
Qxc2 Nc4 16. Nd2 Nxd2 17. Bxd2 c5 18. Be3 Rc8 19. f4 b4 20. f5 f6 21. dxc5 Bxc5
22. Bxc5 Rxc5 23. Qf2 Rxc3 24. e6 Qe7 25. Kh1 Qc5 26. Qh4 Rc2 27. Rad1 Rxa2 28.
Qh5 Qf2 29. Rg1 Re2 30. Rdf1 Qe3 31. Rf3 Qg5 32. Qh3 Re5 33. g3 Qd2 34. g4 h6
35. Rd3 Qc2 36. Qf3 Re2 37. Rgd1 b3 38. Rxd5 b2 39. e7 Rxe7 40. Qd3 Re2 41. Qxc2
Rxc2 42. Rb1 Rc1+ 43. Rd1 Rxd1+ 44. Rxd1 Rc8 0-1

[Event "68th ch-RUS w 2018"]
[Site "Satka RUS"]
[Date "2018.09.04"]
[Round "10.3"]
[White "Gritsayeva, Oksana"]
[Black "Protopopova, Anastasiya"]
[Result "1/2-1/2"]
[WhiteTitle "WFM"]
[BlackTitle "WFM"]
[WhiteElo "2391"]
[BlackElo "2332"]
[WhiteFideId "14104652"]
[BlackFideId "24172073"]
[EventDate "2018.08.25"]

1. e4 e5 2. Nf3 Nc6 3. Nc3 Nf6 4. d4 exd4 5. Nxd4 Bb4 6. Nxc6 bxc6 7. Bd3 d5 8.
exd5 cxd5 9. O-O O-O 10. h3 c6 11. Qf3 Rb8 12. Bf4 Bd6 13. b3 Be6 14. Ne2 a5 15.
Nd4 Qc7 16. Bxd6 Qxd6 17. Rfe1 Rb4 18. c3 Rb7 19. Qe3 Re8 20. Nf5 Qd8 21. Qc5
Bxf5 22. Bxf5 Qc7 23. Rxe8+ Nxe8 24. Re1 Nf6 25. Bd3 g6 26. g3 Kg7 27. Re3 Nd7
28. Qd4+ Nf6 29. Qc5 Nd7 30. Qe7 Nf8 31. Qxc7 Rxc7 32. Re8 Ra7 33. Rc8 Nd7 34.
Be2 c5 35. Bb5 c4 36. Bxd7 cxb3 37. axb3 Rxd7 38. Rc5 Rb7 39. Rxa5 Rxb3 40. Rxd5
Rxc3 41. Kg2 1/2-1/2

[Event "68th ch-RUS w 2018"]
[Site "Satka RUS"]
[Date "2018.09.04"]
[Round "10.4"]
[White "Galliamova, Alisa"]
[Black "Goryachkina, Aleksandra"]
[Result "0-1"]
[WhiteTitle "IM"]
[BlackTitle "WGM"]
[WhiteElo "2424"]
[BlackElo "2535"]
[WhiteFideId "4129725"]
[BlackFideId "4147103"]
[EventDate "2018.08.25"]

1. d4 d5 2. c4 c6 3. Nc3 Nf6 4. e3 e6 5. Nf3 Nbd7 6. Be2 Bd6 7. O-O O-O 8. a4 a5
9. b3 b6 10. Bb2 Bb7 11. Rc1 Rc8 12. Bd3 Re8 13. Re1 Bb4 14. Re2 h6 15. Rec2 Qe7
16. Na2 Bd6 17. Ne5 Bxe5 18. dxe5 Ne4 19. Bxe4 dxe4 20. Nc3 Nxe5 21. Nxe4 Rcd8
22. Qh5 Ng6 23. c5 Rd5 24. Qe2 bxc5 25. Nxc5 Red8 26. g3 e5 27. e4 R5d6 28. Bc3
Ra8 29. Qe1 Bc8 30. Rd2 Bh3 31. Rxd6 Qxd6 32. Qe3 h5 33. Nb7 Qc7 34. Nxa5 Rxa5
35. Bxa5 Qxa5 36. Rxc6 Nf8 37. f4 Ne6 38. f5 Nd4 39. Rc4 Nxb3 40. Kf2 f6 41. g4
hxg4 42. Rc8+ Kh7 43. Rc4 Nd2 44. Rc2 Nf3 45. Kg3 Qxa4 46. Rb2 Ng5 47. Re2 Qc4
48. Re1 Nf3 49. Re2 Qf7 50. Qc5 Qh5 51. Kf2 Qh4+ 52. Ke3 Qg5+ 0-1

[Event "68th ch-RUS w 2018"]
[Site "Satka RUS"]
[Date "2018.09.04"]
[Round "10.6"]
[White "Kashlinskaya, Alina"]
[Black "Tomilova, Elena"]
[Result "1-0"]
[WhiteTitle "IM"]
[BlackTitle "WIM"]
[WhiteElo "2440"]
[BlackElo "2332"]
[WhiteFideId "4198026"]
[BlackFideId "4162340"]
[EventDate "2018.08.25"]

1. d4 d5 2. c4 dxc4 3. e3 Nf6 4. Bxc4 e6 5. Nf3 c5 6. O-O Nc6 7. Nc3 cxd4 8.
exd4 Be7 9. Bg5 O-O 10. Qd2 Na5 11. Bd3 b6 12. Qf4 Bb7 13. Qh4 g6 14. d5 Bxd5
15. Ne4 Bxe4 16. Bxe4 h6 17. Bxh6 Rc8 18. Bxf8 Qxf8 19. Rac1 Rc5 20. Rxc5 bxc5
21. Qf4 Qe8 22. b3 Qb5 23. Qe5 Qe2 24. Qc7 Kf8 25. Bxg6 Qxa2 26. Ne5 Nxb3 27.
Nc6 Nd5 28. Qb8+ Kg7 29. Bb1 Qb2 30. Be4 Bh4 31. g3 Nc3 32. Bf3 Bf6 33. Na5 c4
34. Nxc4 Qa2 35. Nd6 Bd4 36. Qb7 Nd2 37. Qxf7+ Kh6 38. Qf4+ Kh7 39. Qf7+ Kh6 40.
Bh5 Qc2 41. Re1 Nd5 42. Qxe6+ Nf6 43. Nf5+ Kxh5 44. Nxd4 1-0

[Event "68th ch-RUS w 2018"]
[Site "Satka RUS"]
[Date "2018.09.05"]
[Round "11.1"]
[White "Tomilova, Elena"]
[Black "Shuvalova, Polina"]
[Result "0-1"]
[WhiteTitle "WIM"]
[BlackTitle "WIM"]
[WhiteElo "2332"]
[BlackElo "2413"]
[WhiteFideId "4162340"]
[BlackFideId "24171760"]
[EventDate "2018.08.25"]

1. d4 Nf6 2. Nf3 e6 3. Bf4 c5 4. e3 cxd4 5. exd4 b6 6. c3 Be7 7. h3 O-O 8. a4
Bb7 9. Bd3 d6 10. O-O Nbd7 11. Nbd2 Qc7 12. Re1 Rfe8 13. Bh2 a6 14. Rc1 Bc6 15.
b4 b5 16. a5 Qb7 17. Qb3 h6 18. Rb1 Bf8 19. c4 bxc4 20. Bxc4 Ne4 21. Bf1 Rec8
22. Qe3 Nxd2 23. Nxd2 Bb5 24. Ne4 Bxf1 25. Rxf1 Qd5 26. Nc3 Qc6 27. Rfc1 Rab8
28. Bg3 Qc4 29. Ne2 Qa2 30. Nc3 Qa3 31. Kh2 Rxb4 32. Ne4 Rxc1 33. Qxa3 Rcxb1 34.
Bxd6 Rxd4 35. Bxf8 Nxf8 36. Nc5 Rb5 37. Nxa6 Rdd5 38. Nc7 Rxa5 39. Qb4 Rf5 40.
Ne8 Ra8 41. Nc7 Ra2 42. f4 Rf2 43. Qc3 R2xf4 44. Qd2 Rf2 45. Qd4 Rc2 46. Ne8 Rg5 0-1